=LDR 00000nam 2200000 4500 =001 INLIS000000000013916 =005 20130612105231 =008 ***********************************Ind** =035 ##$$0010-061300000013916 =041 ##$$a Ind =082 ##$$a 380.102 02 =090 ##$$a 380.102 02, McA b =100 ##$$a Mc Arthur, Sean =245 ##$$a Buku pintar pemasaran, Sean Mc Arthur ; alih bahasa, Suharsono =260 ##$$a 2002 $b Jakarta =300 ##$$a 128 hlm, Ilus, 11 cm =650 ##$$a Pemasaran - Buku pintar =850 ##$$a NBPNMAT